000 00794nam a2200253Ia 4500
003 OSt
005 20220923225513.0
006 a|||||r|||| 00| 0
007 ta
008 220922b |||||||| |||| 00| 0 hin d
024 _a269,592
037 _cTextual
040 _aARTS
_cARTS
_bhin
041 _2hin
_ahin
082 _aV2y7N16x, M3
100 _aउपाध्याय, दीन दयाल
245 0 _aराष्ट्र चिन्तन
246 _aRāṣhṭra chintana
260 _aलखनऊ
_b लोकहित प्रकाशन
_c1983
300 _a144पृ.
_ccm.
650 _aविश्व-इतिहास
942 _hV2y7N16x, M3
_cTEXL
_2CC
999 _c378672
_d378672